000 00766nam a2200265 i 4500
001 bg
100 1 _aBRONAKOWSKI, Henryk
245 1 0 _aRynek i marketing :
_bzarys encyklopedyczny /
_cHenryk Bronakowski.
250 _a[Wyd.2 popr.].
260 _aBiałystok :
_bWydawnictwa PB,
_c1995.
300 _a179 s. ;
_c23 cm.
490 1 _aSkrypty / Politechnika Białostocka
504 _aBibliogr. s. 161-173. - Indeks.
650 9 _aMarketing
_zPolska
650 9 _aRynek
_zPolska
655 _aPodręczniki akademickie
830 0 _aSkrypty (Politechnika Białostocka)
020 _a8386272163
040 _cBPK
041 0 _apl
080 _a339.138(438)(075.8)
920 _a83-86272-16-3
942 _cKS
008 s pl f |000 0 pol
999 _c24384
_d24384
856 _uhttp://koha.tu.koszalin.pl/cgi-bin/koha/opac-detail.pl?biblionumber=24384
_yKatalog online BPK